Genetics (Record no. 23538)
[ view plain ]
| 000 -LEADER | |
|---|---|
| fixed length control field | 00503nam a22001697a 4500 |
| 003 - CONTROL NUMBER IDENTIFIER | |
| control field | OSt |
| 005 - DATE AND TIME OF LATEST TRANSACTION | |
| control field | 20211222160921.0 |
| 008 - FIXED-LENGTH DATA ELEMENTS--GENERAL INFORMATION | |
| fixed length control field | 211222b |||||||| |||| 00| 0 eng d |
| 020 ## - INTERNATIONAL STANDARD BOOK NUMBER | |
| International Standard Book Number | 8120413407 |
| 040 ## - CATALOGING SOURCE | |
| Transcribing agency | HU |
| 082 ## - DEWEY DECIMAL CLASSIFICATION NUMBER | |
| Classification number | 576.5 |
| 100 ## - MAIN ENTRY--PERSONAL NAME | |
| Personal name | Jain, H. K. |
| 9 (RLIN) | 15097 |
| 245 ## - TITLE STATEMENT | |
| Title | Genetics |
| Remainder of title | : principles, concepts, and implications |
| Statement of responsibility, etc. | H K Jain |
| 260 ## - PUBLICATION, DISTRIBUTION, ETC. | |
| Place of publication, distribution, etc. | Enfield, NH : |
| Name of publisher, distributor, etc. | Science Publishers |
| Date of publication, distribution, etc. | , 1999. |
| 300 ## - PHYSICAL DESCRIPTION | |
| Extent | xv, 438 pages |
| Other physical details | : illustrations (some color) ; |
| Dimensions | 25 cm |
| 942 ## - ADDED ENTRY ELEMENTS (KOHA) | |
| Source of classification or shelving scheme | Dewey Decimal Classification |
| Koha item type | Books like text book referance book |
| Suppress in OPAC | No |
| Withdrawn status | Lost status | Source of classification or shelving scheme | Damaged status | Not for loan | Collection code | Home library | Current library | Shelving location | Date acquired | Total Checkouts | Full call number | Barcode | Date last seen | Copy number | Price effective from | Koha item type |
|---|---|---|---|---|---|---|---|---|---|---|---|---|---|---|---|---|
| Dewey Decimal Classification | Non-fiction | Wondo Genet Library | Wondo Genet Library | General Stacks | 12/22/2021 | 576.5 JAT 1999 | WGCFNRL00009596 | 12/22/2021 | 1 | 12/22/2021 | Books like text book referance book |